MARC

LEADER 00000nam0a2200000 4500
001 255610
005 20231101233036.0
010 |a 9783659515187 
035 |a (RuTPU)RU\TPU\book\278126 
090 |a 255610 
100 |a 20140331d2014 k y0rusy50 ca 
101 0 |a rus 
102 |a DE 
105 |a a z 001zy 
200 1 |a Получение сверхчистых железорудных концентратов. Выщелачивание примесей из руд  |f Н. Ф. Стась 
210 |a Saarbruecken  |c LAP Lambert Academic Publishing  |d 2014 
215 |a 178 с.  |c ил. 
320 |a Библиогр.: с. 173-178. 
606 1 |a Железные руды  |x Концентраты  |x Качество  |2 stltpush  |3 (RuTPU)RU\TPU\subj\10513  |9 37574 
610 1 |a железорудные концентраты 
610 1 |a обогащение 
610 1 |a химические методы 
610 1 |a взаимодействие 
610 1 |a кислоты 
610 1 |a примеси 
610 1 |a кальций 
610 1 |a магний 
610 1 |a очистка 
610 1 |a непрерывное измельчение 
610 1 |a кремний 
610 1 |a щелочные растворы 
610 1 |a выщелачивание 
610 1 |a автоклавное выщелачивание 
610 1 |a кинетика 
610 1 |a необогащенные руды 
610 1 |a автоклавная очистка 
610 1 |a физические методы 
610 1 |a кислотные разбавленные растворы 
610 1 |a щелочные разбавленные растворы 
610 1 |a расплавленный гидроксид натрия 
610 1 |a применение 
610 1 |a химические процессы 
610 1 |a труды учёных ТПУ 
675 |a 622.7.09  |v 3 
700 1 |a Стась  |b Н. Ф.  |c химик  |c доцент Томского политехнического университета, кандидат химических наук  |f 1939-  |g Николай Фёдорович  |2 stltpush  |3 (RuTPU)RU\TPU\pers\25192 
801 1 |a RU  |b 63413507  |c 20140331 
801 2 |a RU  |b 63413507  |c 20150407  |g RCR 
900 |a Общая и неорганическая химия 
942 |c BK 
959 |a 44/20140311  |d 10  |e 0  |f ЧЗТЛ:1  |f АНЛ:1  |f УФ:8